Normal view
MARC view
Entry Topical Term
001 - CONTROL NUMBER
- control field: 16340
003 - CONTROL NUMBER IDENTIFIER
- control field: BD-RjUL
005 - DATE AND TIME OF LATEST TRANSACTION
- control field: 20250729164942.0
008 - FIXED-LENGTH DATA ELEMENTS
- fixed length control field: 250729|| aca||aabn | a|a d
040 ## - CATALOGING SOURCE
- Original cataloging agency: BD-RjUL
- Transcribing agency: BD-RjUL
150 ## - HEADING--TOPICAL TERM
- Topical term or geographic name entry element: Cancers
- Form subdivision: Serum prostate
670 ## - SOURCE DATA FOUND
- Source citation: Work cat.: (BD-RjUL)85366: Islam, Md. Azizul, Evaluation of serum prostate specific antigen levels to differentiate prostate cancer from benign prostatic hyperplasia /, 2024